000 02158nam a2200301 a 4500
001 000014983
003 DO-SdBNP
005 20250307073709.0
008 100128s2006 dr c 001 0 spa d
020 _a9945160214
040 _aDO-SdBNP
_bspa
_cBNPHU
082 _aRD868.44
_bP372h, 2006
245 0 0 _aPedro Henríquez Ureña y la Argentina /
_ccompilación Pedro Luis Barcia ; editor Gerardo Castillo Javier ; presentación Alejandro Arvelo.
260 _aSanto Domingo :
_bDirección General de la Feria del Libro,
_c2006.
300 _a306 p. :
_bIL., retrs. ;
_c23 cm.
500 _aIncluye datos biográficos del autor en la solapa de la cubierta
500 _aIncluye referencias bibliográficas y notas al pie de las páginas.
505 2 _aPresentación / Alejandro Arvelo -- Capítulo 1. La Argentina a la distancia -- Capítulo 2. La amistad con argentinos -- Capítulo 3. Pedro Henríquez Ureña con la delegación mexicana en la Argentina (1992) -- Capítulo 4. Regreso a México vísperas argentinas (1922-1924) -- Capítulo 5. Arribo a la Argentina el Colegio Nacional de la Universidad -- Capítulo 6. Actividades y ocios platenses -- Capítulo 7. Pedro Henríquez Ureña y "valoraciones" -- Capítulo 8. Pedro Henríquez Ureña y la Universidad Nacional de la Plata -- Capítulo 9. Pedro Henríquez Ureña, profesor en Buenos Aires -- Capítulo 10. Pedro Henríquez Ureña en el colegio -- Capítulo 11. Pedro Henríquez Ureña y Sur -- Capítulo 12. Partidas y retornos. Trajinando vivir y callada saeta -- Capítulo 13. Literatura y realidad argentinas en la estimativa de Pedro Henríquez Ureña.
600 1 0 _aHenríquez Ureña, Pedro,
_d1884-1946
_xCORRESPONDENCIAS, MEMORIAS, ETC
_91718
600 1 0 _aHenríquez Ureña, Pedro,
_d1884-1946
_91718
650 4 _aAutores dominicanos
_xCorrepondencia, memorias, etc.
_933924
651 4 _aRepública De Argentina
_xVida Intelectual
_ySIGLO XX
_933923
700 1 _aBarcia, Pedro Luis,
_ecomp.
_933925
700 1 _aCastillo Javier, Gerardo,
_d1963-
_eed.
_91677
700 1 _aArvelo, Alejandro
_9147
910 _aValidado. Control de calidad de la MMOLINA
942 _2ddc
_cLBS1
999 _c14556
_d14556